FIFA 15 Top 100 - Statistics

General Stats
  • This quiz has been taken 510 times
  • The average score is 76 of 100
Answer Stats
Nationality Team Position Rating Answer % Correct
Portugal Real Madrid LW 92 Cristiano Ronaldo
100%
Argentina FC Barcelona CF 93 Lionel Messi
100%
Uruguay FC Barcelona ST 89 Luis Suarez
100%
Spain FC Barcelona CM 89 Andres Iniesta
98%
Germany FC Bayern GK 90 Manuel Neuer
98%
Sweden Paris Saint-Germain ST 90 Zlatan Ibrahimovic
98%
Netherlands FC Bayern RM 90 Arjen Robben
97%
Belgium Chelsea LM 88 Eden Hazard
97%
Wales Real Madrid RM 87 Gareth Bale
97%
Brazil FC Barcelona LW 87 Neymar Jr.
97%
Spain Real Madrid CB 87 Sergio Ramos
96%
Spain Manchester City LM 87 David Silva
95%
Croatia Real Madrid CM 87 Luka Modric
95%
Poland FC Bayern ST 87 Robert Lewandowski
95%
Brazil Paris Saint-Germain CB 87 Thiago Silva
95%
Spain FC Barcelona CM 86 Xavi
95%
France FC Bayern LM 88 Franck Ribery
94%
Argentina Manchester City ST 87 Sergio Aguero
94%
Uruguay Paris Saint-Germain ST 86 Edinson Cavani
93%
Colombia Real Madrid CAM 86 James Rodriguez
93%
Netherlands Manchester United ST 88 Robin van Persie
93%
Germany Real Madrid CM 85 Toni Kroos
93%
Belgium Manchester City CB 86 Vincent Kompany
92%
England Manchester United ST 86 Wayne Rooney
92%
France Real Madrid ST 85 Karim Benzema
91%
Germany Arsenal CAM 86 Mesut Ozil
90%
Czech Republic Chelsea GK 85 Petr Cech
90%
Colombia Manchester United ST 88 Radamel Falcao
90%
Belgium Chelsea GK 86 Thibaut Courtois
90%
Cote D'Ivoire Manchester City CM 86 Yaya Toure
90%
France Tottenham Hotspur GK 85 Hugo Lloris
89%
Germany Borussia Dortmund LM 86 Marco Reus
89%
Spain FC Barcelona CDM 85 Sergio Busquets
89%
Germany FC Bayern RM 86 Thomas Muller
89%
Chile Arsenal RW 85 Alexis Sanchez
88%
Germany Borussia Dortmund CB 86 Mats Hummels
88%
Chile Juventus CM 85 Arturo Vidal
87%
Spain FC Barcelona CB 84 Gerard Pique
87%
Spain Real Madrid GK 84 Iker Casillas
86%
Argentina Manchester United CAM 86 Angel di Maria
85%
Germany FC Bayern CB 86 Jerome Boateng
85%
Argentina Napoli ST 84 Gonzalo Higuain
84%
Spain Chelsea ST 86 Diego Costa
82%
Italy Juventus CB 84 Giorgio Chiellini
82%
France Juventus CM 84 Paul Pogba
82%
Denmark Tottenham Hotspur CAM 84 Christian Eriksen
81%
Germany FC Bayern CDM 87 Philipp Lahm
81%
Germany FC Bayern CM 88 Bastian Schweinsteiger
80%
Spain Manchester United CAM 85 Juan Mata
80%
Portugal Real Madrid CB 83 Pepe
80%
Spain Chelsea CM 85 Cesc Fabregas
79%
Uruguay Atletico Madrid CB 84 Diego Godin
79%
Brazil FC Barcelona RB 83 Dani Alves
78%
Italy Juventus CM 84 Andrea Pirlo
77%
Turkey Atletico Madrid LM 84 Arda Turan
76%
Croatia FC Barcelona CAM 83 Ivan Rakitic
76%
Brazil Chelsea CAM 84 Oscar
76%
Spain FC Bayern CDM 85 Xabi Alonso
76%
Bosnia and Herzegovina Manchester City ST 83 Edin Dzeko
75%
Slovenia Inter Milan GK 84 Samir Handanovic
75%
Germany FC Bayern CAM 86 Mario Gotze
74%
Argentina Juventus ST 85 Carlos Tevez
73%
Argentina FC Barcelona CB 83 Javier Mascherano
73%
England Chelsea CB 83 John Terry
73%
Germany Real Madrid CDM 84 Sami Khedira
73%
Netherlands Galatasaray SK CAM 84 Wesley Sneijder
73%
Spain FC Bayern CB 85 Javi Martinez
72%
Spain FC Barcelona LW 83 Pedro
71%
Wales Arsenal CM 83 Aaron Ramsey
69%
Brazil Zenit St. Petersburg RW 83 Hulk
69%
Spain Real Madrid CAM 84 Isco
69%
Chile FC Barcelona GK 83 Claudio Bravo
68%
Italy AS Roma CDM 84 Daniele De Rossi
67%
France Manchester City LM 84 Samir Nasri
67%
Morocco FC Bayern CB 84 Mehdi Benatia
66%
Croatia Atletico Madrid ST 83 Mario Mandzukic
65%
Spain Manchester City RM 83 Jesus Navas
64%
Colombia Chelsea RM 83 Juan Cuadrado
64%
Bosnia and Herzegovina AS Roma CM 83 Miralem Pjanic
64%
Slovenia Napoli CAM 83 Marek Hamsik
62%
Italy Juventus CB 83 Andrea Barzagli
59%
Italy Paris Saint-Germain GK 84 Salvatore Sirigu
59%
Spain Arsenal LM 84 Santi Cazorla
59%
France Paris Saint-Germain CDM 83 Blaise Matuidi
58%
England Liverpool ST 83 Daniel Sturridge
58%
Italy Juventus CM 83 Claudio Marchisio
57%
Serbia Inter Milan CB 83 Nemanja Vidic
56%
Germany Arsenal CB 83 Per Mertesacker
56%
Portugal AS Monaco CM 83 Joao Moutinho
51%
Brazil Atletico Madrid CB 83 Miranda
48%
Germany Borussia Dortmund GK 83 Roman Weidenfeller
48%
Russia CSKA Moskva GK 83 Igor Akinfeev
44%
France AS Saint-Etienne GK 84 Stephane Ruffier
44%
Germany Borussia Dortmund CM 83 Ilkay Gundogan
41%
Peru FC Schalke 04 RM 83 Jefferson Farfan
41%
Spain AC Milan GK 83 Diego Lopez
40%
Argentina Zenit St. Petersburg CB 83 Ezequiel Garay
34%
Spain Valencia CF ST 83 Alvaro Negredo
33%
Italy Lazio RW 83 Antonio Candreva
29%
France AS Monaco CDM 83 Jeremy Toulalan
23%
No matching quizzes found
Score Distribution
Percent of People with Each Score
Percentile by Number Answered
Your Score History
You have not taken this quiz